|
|
|
|
| LEADER |
00000nam a2200000 a 4500 |
| 001 |
vtls011541896 |
| 003 |
SK-MaSNL |
| 005 |
20260301180054.0 |
| 008 |
240318s2015 xo oabcg n 001 0 slo |
| 015 |
|
|
|a SNBA2016/04
|
| 020 |
|
|
|a 9788089027415
|q (brož.)
|
| 035 |
|
|
|a urn:nbn:sk:snk-am00bd4p
|
| 035 |
|
|
|a urn:nbn:sk:snk-am3h9l5
|
| 035 |
|
|
|a ACB3E10D-36F5-45B1-9EB9-D3FC16C92032
|
| 040 |
|
|
|a SNK
|b slo
|c SNK
|e AACR2
|
| 041 |
0 |
|
|a slo
|
| 043 |
|
|
|a n-mx---
|
| 044 |
|
|
|a xo
|c SK
|
| 072 |
|
7 |
|a 25
|x Náboženstvo, mytológia, kulty
|2 konspekt
|
| 080 |
|
|
|a 2-58
|2 2001
|
| 080 |
|
|
|a 258/259.2
|2 2001
|
| 080 |
|
|
|a 2-584
|2 2011
|
| 080 |
|
|
|a (72)
|2 2011
|
| 080 |
|
|
|a (048.8)
|2 2011
|
| 100 |
1 |
|
|a Kováč, Milan,
|d 1967-
|4 aut
|9 20303
|
| 245 |
1 |
0 |
|a Slnko zemetrasenia
|b spiritualita súčasných mexických Indiánov
|c Milan Kováč, Radoslav Hlúšek
|
| 246 |
3 |
0 |
|a Spiritualita súčasných mexických Indiánov
|
| 250 |
|
|
|a 1. vyd.
|
| 260 |
|
|
|a Bratislava
|b Chronos
|b CMS-Centrum mezoamerických štúdií Filozofickej fakulty Univerzity Komenského
|c 2015
|
| 300 |
|
|
|a 287 s.
|b fotogr., ilustr., mp., portr.
|c 20 cm
|
| 490 |
1 |
|
|a Religionistická knižnica
|v zv. 8
|
| 504 |
|
|
|a Bibliogr. odkazy ; bibliogr.: s. 265-276 ; pozn. ; reg.
|
| 650 |
0 |
7 |
|a spiritualita
|2 SNKPH
|9 18684
|
| 650 |
0 |
7 |
|a indiánska mytológia
|2 SNKPH
|9 78988
|
| 650 |
0 |
7 |
|a indiánske náboženstvá
|2 SNKPH
|9 254307
|
| 650 |
0 |
7 |
|a Spirituality
|2 SNKPHeng
|9 293344
|
| 650 |
0 |
7 |
|a American Indian religions
|2 SNKPHeng
|9 363168
|
| 650 |
0 |
7 |
|a American Indian mythology
|2 SNKPHeng
|9 341417
|
| 650 |
0 |
7 |
|a duchovný život
|2 SNKPH
|9 1807
|
| 650 |
0 |
7 |
|a Spiritual life
|2 SNKPHeng
|9 265583
|
| 651 |
|
7 |
|a Mexiko
|2 SNKPH
|9 21360
|
| 651 |
|
7 |
|a Mexiko
|2 SNKPHeng
|9 21360
|
| 655 |
|
7 |
|a monografie
|2 SNKPH
|9 70139
|
| 655 |
|
7 |
|a Monographs
|2 SNKPHeng
|9 120675
|
| 700 |
1 |
|
|a Hlúšek, Radoslav,
|d 1976-
|4 aut
|9 16994
|
| 830 |
|
0 |
|a Religionistická knižnica
|9 305518
|
| 919 |
|
|
|a 978-80-89027-41-5
|
| 958 |
|
|
|a NB
|
| 958 |
|
|
|a NT
|
| 999 |
|
|
|c 844992
|d 846922
|
| 952 |
|
|
|a SNK
|b SNK
|y PREZ
|7 0
|p 17A1183827
|o snkSD 85109
|i snk2016/8058
|8 0
|0 0
|1 0
|4 0
|d 2016-03-23
|f 1
|l 0
|r 2017-06-30 00:00:00
|w 2026-02-24
|
| 952 |
|
|
|a SNK
|b SNK
|y VYP
|7 0
|p 17A1183828
|o snkSD 85109 D1
|i snk2016/8059
|8 0
|0 0
|1 0
|4 0
|d 2016-03-23
|l 0
|r 2017-06-30 00:00:00
|w 2026-02-24
|